000 00206nam a2200097Ia 4500
008 220204s9999 xx 000 0 und d
082 _a82-3
_bSAL
100 _aSalman Rushdie
245 0 _aShame
942 _cBK
999 _c38545
_d38545